Venture capital backed innovations

Definície: Rizikový kapitál a inovácie. Rola rizikového kapitálu vo financovaní inovácií.

Salvato in:
Dettagli Bibliografici
Autore principale: Czyzewska, Marta
Natura: Capitolo di libro
Lingua:inglese
Soggetti:
Tags: Aggiungi Tag
Nessun Tag, puoi essere il primo ad aggiungerne!!

MARC

LEADER 00000naa$a2200000$$$4500
001 0032214
005 20221128114059.2
041 0 |a eng 
044 |a SK 
245 1 0 |a Venture capital backed innovations  |c Marta Czyzewska 
520 |a Definície: Rizikový kapitál a inovácie. Rola rizikového kapitálu vo financovaní inovácií. 
610 2 0 |a kapitál rizikový 
610 2 0 |a inovácia 
610 2 0 |a financovanie 
610 2 0 |a zdroje finančné 
100 1 |a Czyzewska, Marta